000
00331nam a22001457a 4500
008
221121b ||||| |||| 00| 0 eng d
020
_a
0716712881
041
_a
eng
080
_2
THIRD EDITION
_a
615
082
_a
615 JUL
100
_a
13
101
_a
FARM
245
_a
A PRIMER OF DRUG ACTION
_c
JULIEN M .R
942
_2
udc
_c
BK
999
_c
58985
_d
58985